[Event "Muppets"]
[Site "SchemingMind.com"]
[Date "2022.09.14"]
[Round "-"]
[White "Robert Bruce"]
[Black "William Lindberg"]
[Result "1/2-1/2"]
[WhiteCountry "SCO"]
[BlackCountry "USA"]
[WhiteElo "2324"]
[WhiteRD "71"]
[BlackElo "2443"]
[BlackRD "69"]
[GameID "726734"]

1. e4 e5 2. f4 exf4 3. Nf3 g6 4. Bc4 Nf6 5. Nc3 Bg7 6. d4 O-O 7. Bxf4 Nxe4 8. Nxe4 d5 9. Bg5 f6 10. Nxf6+ Bxf6
11. Bxf6 Rxf6 12. Be2 Nc6 13. c3 Qd6 14. O-O Bd7 15. Qd2 Raf8 16. a4 Nd8 17. a5 Bg4 18. a6 b6 19. Ne5 Rxf1+ 20. Bxf1 Bc8
21. Re1 Kg7 22. b4 c6 23. Bd3 c5 24. h4 Ne6 25. h5 cxb4 26. hxg6 bxc3 27. Qxc3 hxg6 28. Bxg6 Qd8 29. Re3 Qh4 30. Nf3 Qf4
31. Bb1 Rf6 32. Re5 Bxa6 33. Rxd5 Rf7 34. Rh5 Rc7 35. Rh7+ Kf6 36. Rxc7 Nxc7 37. Qc6+ Ke7 38. Kf2 Qd6 39. Qe4+ Kd8 40. g4 Bb5
41. g5 Bc6 42. Qh4 Bxf3 43. Kxf3 Ne6 44. g6+ Kc7 45. Ke3 a5 46. Qg4 Qe7 47. Bd3 a4 48. Qg3+ Qd6 49. Qg4 a3 50. g7 a2
51. g8=Q a1=Q 52. Qf7+ Kb8 53. Qfxe6 Qe1+ 54. Be2 Qc3+ 55. Ke4 Qcxd4+ 56. Kf3 Qf8+ 57. Qgf5 Qa3+ 58. Kg2 Qg7+ 59. Bg4 Qgb2+ 60. Be2 Qg7+
61. Qg4 Qb7+ 62. Kh2 Qh7+ 63. Kg2 Qb7+ 64. Bf3 Qb2+ 65. Kf1 Qc1+ 66. Kf2 Qc5+ 67. Kg2 Qc2+ 68. Kg1=
1/2-1/2

[Event "Muppets"]
[Site "SchemingMind.com"]
[Date "2022.09.14"]
[Round "-"]
[White "William Lindberg"]
[Black "Robert Bruce"]
[Result "1/2-1/2"]
[WhiteCountry "USA"]
[BlackCountry "SCO"]
[WhiteElo "2459"]
[WhiteRD "71"]
[BlackElo "2329"]
[BlackRD "73"]
[GameID "726735"]

1. e4 e5 2. Nf3 Nc6 3. Bb5 a6 4. Ba4 Nf6 5. O-O Be7 6. Bxc6 dxc6 7. Re1 Nd7 8. b3 c5 9. Bb2 f6 10. c3 Nf8
11. d4 Ng6 12. d5 Bd6 13. c4 Qe7 14. Bc1 Qf7 15. h3 b6 16. Nc3 a5 17. Rb1 O-O 18. Re3 Bd7 19. Bd2 h6 20. a4 f5
21. Qf1 Rae8 22. Rbe1 Bc8 23. exf5 Bxf5 24. Ne4 Nf4 25. Nh2 Qg6 26. Rg3 Qh7 27. Rge3 Re7 28. Ng4 Qg6 29. f3 h5 30. Ngf2 Bxh3
31. Nxh3 Nxh3+ 32. Kh1 Ng5 33. Qf2 Nxe4 34. Rxe4 Rf5 35. Qh4 Kf8 36. Kh2 Ke8 37. Qh3 Kd8 38. Kg1 Kc8 39. Kf2 Qf7 40. Ke3 Kb7
41. Rh1 Re8 42. Kd3 g6 43. Kc2 Rh8 44. Rhe1 g5 45. R1e2 Qf6 46. Qh2 Rg8 47. Qh3 Qg6 48. Kb2 Kb8 49. Qg3 g4 50. fxg4 hxg4
51. Be1 Ka7 52. Qd3 Rh8 53. R4e3 Qg5 54. Bd2 Qf6 55. Qb1 Rh4 56. Bc3 Rf1 57. Qc2 Rhh1 58. Qe4 Ra1 59. Be1 Rd1 60. Bc3 Rd4
61. Qc2 Rdd1 62. Qe4 Rhg1 63. Qxg4 Rd4 64. Qg3 Qf5 65. Qf2 Qb1+ 66. Ka3 Rf4 67. Qg3 Rc1 68. Rb2 Qf5 69. Rbe2 Qb1 70. Rb2 Qf5
71. Rbe2 Rd4 72. Qf3 Qg6 73. Qf2 Rdd1 74. Bb2 Ra1+ 75. Bxa1 Rxa1+ 76. Ra2 Qb1 77. Re2 e4 78. Rxa1 Qxa1+ 79. Ra2 Qc1+ 80. Rb2 Qa1+
81. Ra2 Qc1+ 82. Rb2 Be5 83. Qc2 Qa1+ 84. Ra2 Qf1 85. d6 cxd6 86. Rb2 Bxb2+ 87. Qxb2 Qf8 88. g4 e3 89. g5 Qe8 90. Qb1 e2
91. Qe1 d5 92. cxd5 c4 93. bxc4 Qe3+ 94. Kb2 Qd3 95. Kc1 Qxc4+ 96. Kd2 Qxd5+ 97. Kxe2 Qxg5 98. Kd3 Qc5 99. Qc3 Qf5+=
1/2-1/2

[Event "Muppets"]
[Site "SchemingMind.com"]
[Date "2022.09.14"]
[Round "-"]
[White "Steven DuCharme"]
[Black "Robert Bruce"]
[Result "0-1"]
[WhiteCountry "USA"]
[BlackCountry "SCO"]
[WhiteElo "1524"]
[WhiteRD "67"]
[BlackElo "2324"]
[BlackRD "71"]
[GameID "726742"]

1. Nf3 Nf6 2. b3 g6 3. Bb2 d6 4. g3 Bg7 5. Bg2 e5 6. d3 O-O 7. Nbd2 c5 8. O-O Nc6 9. h3 Ne8 10. e3 e4
11. Bxg7 exf3 12. Bxf8 fxg2 13. Kxg2 Kxf8 14. a3 Nf6 15. f4 a5 16. c4 d5 17. Qc2 Qd7 18. Rae1 Qxh3+ 19. Kf2 Qh2+ 20. Kf3 Bg4#
0-1

[Event "Muppets"]
[Site "SchemingMind.com"]
[Date "2022.09.15"]
[Round "-"]
[White "Robert Bruce"]
[Black "Steven DuCharme"]
[Result "1-0"]
[WhiteCountry "SCO"]
[BlackCountry "USA"]
[WhiteElo "2324"]
[WhiteRD "71"]
[BlackElo "1524"]
[BlackRD "67"]
[GameID "726743"]

1. f4 d5 2. Nf3 Nc6 3. e3 Nf6 4. Bb5 Bd7 5. b3 e6 6. Bb2 Be7 7. O-O a6 8. Bxc6 Bxc6 9. Ne5 O-O 10. Nxc6 bxc6
11. d3 Bc5 12. Qe2 Nd7 13. Nd2 Qh4 14. Nf3 Qxf4 15. d4
1-0

[Event "Muppets"]
[Site "SchemingMind.com"]
[Date "2022.09.14"]
[Round "-"]
[White "Steven DuCharme"]
[Black "William Lindberg"]
[Result "0-1"]
[WhiteCountry "USA"]
[BlackCountry "USA"]
[WhiteElo "1524"]
[WhiteRD "67"]
[BlackElo "2443"]
[BlackRD "69"]
[GameID "726744"]

1. Nf3 e6 2. c4 c5 3. Nc3 Nf6 4. g3 Nc6 5. Bg2 d5 6. cxd5 exd5 7. O-O d4 8. Nb1 Be7 9. d3 O-O 10. Nbd2 Be6
11. b3 Nd5 12. Bb2 Rc8 13. a3 g5 14. h3 Qd7 15. Rc1 Bxh3 16. Ne4 Bxg2 17. Kxg2 g4 18. Nfg5 h6 19. Nxc5 Bxc5 20. Ne4 Bb6
21. Qd2 Qe6 22. Rh1 Kg7 23. Rh5 f5 24. Rch1 fxe4 25. Rxh6 Rxf2+ 26. Kg1= Qe5 27. Rh7+ Kg8 28. Rh8+ Kf7 29. R1h7+ Ke6 30. Qh6+ Rf6
31. Qh4 Qf5
0-1

[Event "Muppets"]
[Site "SchemingMind.com"]
[Date "2022.09.14"]
[Round "-"]
[White "William Lindberg"]
[Black "Steven DuCharme"]
[Result "1-0"]
[WhiteCountry "USA"]
[BlackCountry "USA"]
[WhiteElo "2443"]
[WhiteRD "69"]
[BlackElo "1524"]
[BlackRD "67"]
[GameID "726745"]

1. c4 Nf6 2. d4 g6 3. Nf3 Bg7 4. Nc3 O-O 5. e4 d6 6. h3 b6 7. Bd3 Bb7 8. Be3 Nbd7 9. O-O a6 10. a3 e5
11. d5 Nc5 12. Bb1 Rc8 13. b4 Ncd7 14. Ba2 Re8 15. Rc1 c5 16. dxc6 Bxc6 17. Qxd6 Bf8 18. Qd3 Bb7 19. Rfd1 h5 20. c5 bxc5
21. Ng5 Re7 22. Bxc5 Rxc5 23. bxc5 Qc7 24. Nd5 Bxd5 25. exd5 Qa7 26. d6
1-0

[Event "Muppets"]
[Site "SchemingMind.com"]
[Date "2022.09.19"]
[Round "-"]
[White "Steven DuCharme"]
[Black "Phillip Beckett"]
[Result "0-1"]
[WhiteCountry "USA"]
[BlackCountry "ENG"]
[WhiteElo "1524"]
[WhiteRD "67"]
[BlackElo "1518"]
[BlackRD "55"]
[GameID "726820"]

1. Nf3 Nf6 2. b3 g6 3. Bb2 Bg7 4. g3 O-O 5. Bg2 d6 6. O-O c6 7. d3 Nbd7 8. Nbd2 e5 9. a4 Re8 10. e4 Nf8
11. h3 h6 12. c4 Kh7 13. a5 Ng8 14. d4 exd4 15. Bxd4 Ne6 16. Bxg7 Kxg7 17. b4 Nc7 18. Re1 f5 19. Ra3 fxe4 20. Nxe4 Bf5
21. Qa1+ Kh7 22. Rae3 Bxe4 23. Rxe4 Rxe4 24. Rxe4 d5 25. cxd5 Nxd5 26. Rd4 Qf6 27. Qd1 Re8 28. b5 Nge7 29. bxc6 bxc6 30. Nh2 Rf8
31. f4 Ne3 32. Rd8 Nxd1
0-1

[Event "Muppets"]
[Site "SchemingMind.com"]
[Date "2022.09.19"]
[Round "-"]
[White "Phillip Beckett"]
[Black "Steven DuCharme"]
[Result "0-1"]
[WhiteCountry "ENG"]
[BlackCountry "USA"]
[WhiteElo "1518"]
[WhiteRD "55"]
[BlackElo "1524"]
[BlackRD "67"]
[GameID "726821"]

1. e4 d6 2. d4 Nf6 3. Nc3 g6 4. Nf3 Bg7 5. Be2 O-O 6. O-O b6 7. h3 Bb7 8. d5 Nbd7 9. Bg5 h6 10. Be3 a6
11. Qd2 Kh7 12. Nh2 e5 13. Rad1 Rh8 14. Ng4 Nxg4 15. Bxg4 h5 16. Be2 Qf8 17. f4 f5 18. exf5 Qxf5 19. fxe5 Qxe5 20. Bd3 Raf8
21. Qe2 Rxf1+ 22. Rxf1 Nf8 23. Bd4 Qxd4+ 24. Kh1 Qh4 25. Qf2 Qxf2 26. Rxf2 Kg8 27. Bc4 Bxc3 28. bxc3 b5 29. Bb3 Rh7 30. c4 Rf7
31. Rxf7 Kxf7 32. cxb5 axb5 33. c4 bxc4 34. Bxc4 Nd7 35. g4 hxg4 36. hxg4 Ne5 37. Bb3 Nxg4
0-1

[Event "Muppets"]
[Site "SchemingMind.com"]
[Date "2022.09.20"]
[Round "-"]
[White "Phillip Beckett"]
[Black "Robert Bruce"]
[Result "0-1"]
[WhiteCountry "ENG"]
[BlackCountry "SCO"]
[WhiteElo "1511"]
[WhiteRD "56"]
[BlackElo "2329"]
[BlackRD "73"]
[GameID "726822"]

1. e4 c5 2. Nf3 d6 3. d4 cxd4 4. Nxd4 Nf6 5. Nc3 e5 6. Ndb5 Nc6 7. Bg5 a6 8. Na3 b5 9. Nd5 Be7 10. Bxf6 Bxf6
11. c3 O-O 12. Nxf6+ Qxf6 13. Nc2 Bb7 14. Ne3 Ne7 15. Be2 Bxe4 16. O-O Bc6 17. Ng4 Qg6 18. f3 f5 19. Ne3 Qg5 20. Qb3+ Kh8
21. Nc2 Ng6 22. c4 Nf4 23. g3 Nxe2+ 24. Kf2 Nd4 25. Nxd4 exd4 26. cxb5 Rae8 27. bxc6 Qd2+ 28. Kg1 Re2 29. Qd1 Rg2+ 30. Kh1 Rxh2+
31. Kg1 Qg2#
0-1

[Event "Muppets"]
[Site "SchemingMind.com"]
[Date "2022.09.20"]
[Round "-"]
[White "Robert Bruce"]
[Black "Phillip Beckett"]
[Result "1-0"]
[WhiteCountry "SCO"]
[BlackCountry "ENG"]
[WhiteElo "2324"]
[WhiteRD "71"]
[BlackElo "1518"]
[BlackRD "55"]
[GameID "726823"]

1. e4 e5 2. f4 Qh4+ 3. g3 Qe7 4. d3 exf4 5. Bxf4 d5 6. Nc3 c6 7. Bg2 dxe4 8. dxe4 Nf6 9. e5 Ng4 10. Nf3 f6
11. Qd2 fxe5 12. O-O-O exf4 13. Rde1 Be6 14. Nd4 Ne3 15. gxf4 Nd7 16. Rxe3 Nc5 17. Nxe6 Nxe6 18. Rhe1 Kf7 19. f5 Qg5 20. h4 Qf4
21. Qd7+ Kf6 22. Qxe6#
1-0

[Event "Muppets"]
[Site "SchemingMind.com"]
[Date "2022.09.19"]
[Round "-"]
[White "Phillip Beckett"]
[Black "William Lindberg"]
[Result "0-1"]
[WhiteCountry "ENG"]
[BlackCountry "USA"]
[WhiteElo "1530"]
[WhiteRD "57"]
[BlackElo "2443"]
[BlackRD "68"]
[GameID "726824"]

1. e4 e5 2. Nf3 Nc6 3. Bb5 Nf6 4. O-O Nxe4 5. d4 a6 6. Bxc6 dxc6 7. Nxe5 Be7 8. Re1 Nd6 9. c3 O-O 10. Bf4 Be6
11. Nd2 Re8 12. Ndf3 Qc8 13. Qd2 f6 14. Nd3 b6 15. Bg3 Bf7 16. Nb4 Qb7 17. Nh4 c5 18. dxc5 bxc5 19. Nd3 Qd5 20. b3 c4
21. bxc4 Nxc4 22. Qc2 Na3 23. Qb3 Qxd3 24. Rxe7 Bxb3 25. Rxe8+ Rxe8 26. axb3 Qxc3
0-1

[Event "Muppets"]
[Site "SchemingMind.com"]
[Date "2022.09.19"]
[Round "-"]
[White "William Lindberg"]
[Black "Phillip Beckett"]
[Result "1-0"]
[WhiteCountry "USA"]
[BlackCountry "ENG"]
[WhiteElo "2443"]
[WhiteRD "68"]
[BlackElo "1530"]
[BlackRD "57"]
[GameID "726825"]

1. c4 e5 2. Nc3 Nf6 3. Nf3 Nc6 4. g3 d5 5. cxd5 Nxd5 6. Bg2 Be6 7. O-O f6 8. d4 Nxc3 9. bxc3 exd4 10. cxd4 Bd5
11. e4 Bc4 12. d5 Bxf1 13. Bxf1 Ne5 14. Nxe5 fxe5 15. Qh5+ g6 16. Qxe5+ Qe7 17. Qxh8 O-O-O 18. Qd4 Kb8 19. Rb1 Qc5 20. Qa4 Bd6
21. Be3 Qa3 22. Rxb7+ Kxb7 23. Ba6+ Kb8 24. Qb5+ Ka8 25. Qb7#
1-0

[Event "Muppets"]
[Site "SchemingMind.com"]
[Date "2022.09.21"]
[Round "-"]
[White "Steven DuCharme"]
[Black "ray winteringham"]
[Result "1-0"]
[WhiteCountry "USA"]
[BlackCountry "ENG"]
[WhiteElo "1524"]
[WhiteRD "67"]
[BlackElo "1423"]
[BlackRD "51"]
[GameID "726851"]

1. c4 g6 2. g3 Bg7 3. Bg2 Nf6 4. Nc3 O-O 5. Nf3 d6 6. b3 Nc6 7. Bb2 Bd7 8. d4 e6 9. e4 a6 10. O-O Ne7
11. Re1 h6 12. Qd3 c6 13. Rad1 Qc7 14. h3 b5 15. cxb5 axb5 16. a3 Nh7 17. d5 Bxc3 18. Qxc3 c5 19. Qg7#
1-0

[Event "Muppets"]
[Site "SchemingMind.com"]
[Date "2022.09.21"]
[Round "-"]
[White "ray winteringham"]
[Black "Steven DuCharme"]
[Result "0-1"]
[WhiteCountry "ENG"]
[BlackCountry "USA"]
[WhiteElo "1423"]
[WhiteRD "51"]
[BlackElo "1524"]
[BlackRD "67"]
[GameID "726852"]

1. g3 d5 2. d4 Nf6 3. Bg2 c6 4. e3 g6 5. Ne2 Bg7 6. b3 O-O 7. O-O a5 8. a4 Re8 9. Bb2 Nbd7 10. Nd2 e5
11. Nf3 e4 12. Nd2 b6 13. c4 Ba6 14. Re1 dxc4 15. Nxc4 Bxc4 16. bxc4 Nf8 17. Nc3 Ra7 18. Qc2 Rae7 19. f3 exf3 20. Bxf3 Rxe3
21. Bxc6 Rxe1+ 22. Rxe1 Rxe1+ 23. Kf2 Qe7 24. Ne2 Rxe2+ 25. Qxe2 Qxe2+ 26. Kxe2 N6d7 27. Ba3 Bxd4 28. Kd3 Bg1 29. h3 Ne5+ 30. Kc3 Nxc6
0-1

[Event "Muppets"]
[Site "SchemingMind.com"]
[Date "2022.09.20"]
[Round "-"]
[White "Phillip Beckett"]
[Black "ray winteringham"]
[Result "0-1"]
[WhiteCountry "ENG"]
[BlackCountry "ENG"]
[WhiteElo "1518"]
[WhiteRD "55"]
[BlackElo "1423"]
[BlackRD "51"]
[GameID "726853"]

1. d4 d5 2. e3 a6 3. Bd3 Nf6 4. Nd2 e6 5. f4 Bd6 6. Ngf3 c5 7. Ne5 c4 8. Be2 O-O 9. c3 Bd7 10. O-O Bc6
11. Ndf3 Nfd7 12. Nxc6 Nxc6 13. Ne5 Ncxe5 14. fxe5 Be7 15. Bf3 b5 16. e4 h6 17. exd5 exd5 18. Bxd5 Rb8 19. Qh5 Rb6 20. Bxf7+ Kh8
21. Bg6 Rxf1+ 22. Kxf1 Qf8+ 23. Qf5 Rxg6 24. Qxf8+ Bxf8 25. Be3 Nb6 26. g3 Nd5 27. Bg1 Re6 28. Re1 Be7 29. h3 Bg5 30. h4 Be7
31. Bh2 a5 32. Kg2 b4 33. Kh3 bxc3 34. bxc3 Nxc3 35. g4 Nxa2 36. d5 Rb6 37. d6 Bf8 38. d7 Rb3+ 39. Bg3 Be7 40. Rd1 Bd8
41. e6 Nc3 42. Re1 Be7 43. Rf1 Ne4 44. Rf8+ Kh7 45. d8=Q Rxg3+ 46. Kh2 Bxd8 47. Rxd8 Rxg4 48. Kh3 Nf6 49. e7 Re4 50. Rc8 c3
51. Rxc3 Rxe7 52. Rc5 Re3+ 53. Kg2 a4 54. Ra5 a3
0-1

[Event "Muppets"]
[Site "SchemingMind.com"]
[Date "2022.09.20"]
[Round "-"]
[White "ray winteringham"]
[Black "Phillip Beckett"]
[Result "1-0"]
[WhiteCountry "ENG"]
[BlackCountry "ENG"]
[WhiteElo "1423"]
[WhiteRD "51"]
[BlackElo "1518"]
[BlackRD "55"]
[GameID "726854"]

1. g3 g6 2. e4 d6 3. d4 Bg7 4. Bg2 Nf6 5. Ne2 O-O 6. O-O c6 7. c4 Nbd7 8. Be3 e5 9. d5 c5 10. Nbc3 a6
11. a3 Rb8 12. b4 cxb4 13. axb4 b6 14. b5 a5 15. f4 Ng4 16. Bd2 exf4 17. Bxf4 Nc5 18. Nd4 Ne5 19. Bxe5 Bxe5 20. Nc6 Qc7
21. Nxb8 Qxb8 22. Qc2 Bg4 23. Kh1 Qc8 24. Bf3 Bh3 25. Bg2 Bxg2+ 26. Kxg2 f5 27. exf5 gxf5 28. Rf3 Ne4 29. Nxe4 fxe4 30. Rxf8+ Qxf8
31. Rf1 Qh6 32. Qxe4 Qd2+ 33. Rf2 Qg5 34. Qf5 Qg7 35. Qe6+ Kh8 36. Qe8+ Qg8 37. Rf8
1-0

[Event "Muppets"]
[Site "SchemingMind.com"]
[Date "2022.09.20"]
[Round "-"]
[White "ray winteringham"]
[Black "Robert Bruce"]
[Result "0-1"]
[WhiteCountry "ENG"]
[BlackCountry "SCO"]
[WhiteElo "1423"]
[WhiteRD "51"]
[BlackElo "2324"]
[BlackRD "71"]
[GameID "726855"]

1. g3 d5 2. d4 Bf5 3. Bg2 e6 4. e3 h5 5. a3 c6 6. Ne2 h4 7. Bd2 Qf6 8. Nbc3 h3 9. Bf3 Bxc2 10. Qxc2 Qxf3
11. Nf4 Qxh1+ 12. Ke2 Qxa1 13. Nb1 Qa2 14. Nc3 Qc4+ 15. Nd3 Nh6 16. f3 Bd6
0-1

[Event "Muppets"]
[Site "SchemingMind.com"]
[Date "2022.09.21"]
[Round "-"]
[White "Robert Bruce"]
[Black "ray winteringham"]
[Result "1-0"]
[WhiteCountry "SCO"]
[BlackCountry "ENG"]
[WhiteElo "2324"]
[WhiteRD "71"]
[BlackElo "1423"]
[BlackRD "51"]
[GameID "726856"]

1. e4 c5 2. Nf3 Nc6 3. Bb5 g6 4. O-O Bg7 5. c3 e5 6. d4 cxd4 7. cxd4 Nxd4 8. Nxd4 exd4 9. Bf4 Ne7 10. Na3 O-O
11. Bd6 d3 12. Bc4 Bxb2 13. Nb5 a6 14. Bc7 Qe8 15. Nd6 Bxa1 16. Qxa1
1-0

[Event "Muppets"]
[Site "SchemingMind.com"]
[Date "2022.09.20"]
[Round "-"]
[White "ray winteringham"]
[Black "William Lindberg"]
[Result "0-1"]
[WhiteCountry "ENG"]
[BlackCountry "USA"]
[WhiteElo "1423"]
[WhiteRD "51"]
[BlackElo "2443"]
[BlackRD "69"]
[GameID "726857"]

1. g3 d5 2. d4 Nf6 3. Bg2 Bf5 4. Nf3 e6 5. O-O Be7 6. b3 O-O 7. Bb2 c5 8. Nbd2 h6 9. dxc5 Bxc5 10. Bd4 Ba3
11. c3 Nc6 12. b4 Bb2 13. e4 dxe4 14. Bxf6 Qxf6 15. Nd4 Rad8 16. Bxe4 Bxc3 17. N4f3 Bg4 18. Rc1 Bxd2 19. Qc2 Bxf3 20. Bxf3 Qxf3
21. Rcd1 Bc3 22. a3 Nd4 23. Qb1 Ne2#
0-1

[Event "Muppets"]
[Site "SchemingMind.com"]
[Date "2022.09.22"]
[Round "-"]
[White "Steven DuCharme"]
[Black "Jon Mahony"]
[Result "0-1"]
[WhiteCountry "USA"]
[BlackCountry "ENG"]
[WhiteElo "1528"]
[WhiteRD "64"]
[BlackElo "1896"]
[BlackRD "137"]
[GameID "726896"]

1. Nf3 Nf6 2. g3 g6 3. Bg2 Bg7 4. O-O O-O 5. d4 d6 6. Nc3 Nbd7 7. e4 e5 8. d5 Nc5 9. Re1 a5 10. Bg5 h6
11. Bd2 Bd7 12. a3 c6 13. b4 axb4 14. axb4 Na6 15. Na4 cxd5 16. exd5 Nxd5 17. c3 Nac7 18. Nb2 Rxa1 19. Qxa1 Qf6 20. h3 b5
21. Qc1 g5 22. Qd1 e4 23. Rxe4 Nxc3 24. Bxc3 Qxc3 25. Nd3 Bf5 26. Re3 Nd5
0-1

[Event "Muppets"]
[Site "SchemingMind.com"]
[Date "2022.09.22"]
[Round "-"]
[White "Jon Mahony"]
[Black "Steven DuCharme"]
[Result "1-0"]
[WhiteCountry "ENG"]
[BlackCountry "USA"]
[WhiteElo "1933"]
[WhiteRD "122"]
[BlackElo "1520"]
[BlackRD "65"]
[GameID "726897"]

1. d4 Nf6 2. c4 e6 3. g3 Bb4+ 4. Bd2 Qe7 5. Bg2 O-O 6. Nf3 c6 7. O-O d5 8. Bxb4 Qxb4 9. Qc2 Qxc4 10. Qxc4 dxc4
11. Ne5 Rd8 12. e3 Ne8 13. Nxc4 Nd7 14. Rd1 Ndf6 15. Nbd2 Nd6 16. Nxd6 Rxd6 17. Nc4 Rd8 18. Rac1 Ne8 19. e4 Nd6 20. Nxd6 Rxd6
21. f4 a5 22. Rc5 b6 23. e5 bxc5 24. exd6 Bd7 25. dxc5 Rb8 26. Rd2 Rb5 27. Bxc6 Bxc6 28. d7 Bxd7 29. Rxd7 g6 30. c6 Kg7
31. c7 Rc5 32. a3 h5 33. b4
1-0

[Event "Muppets"]
[Site "SchemingMind.com"]
[Date "2022.09.22"]
[Round "-"]
[White "Phillip Beckett"]
[Black "Jon Mahony"]
[Result "0-1"]
[WhiteCountry "ENG"]
[BlackCountry "ENG"]
[WhiteElo "1518"]
[WhiteRD "55"]
[BlackElo "1889"]
[BlackRD "149"]
[GameID "726898"]

1. d4 Nf6 2. e3 g6 3. Bd3 Bg7 4. Nd2 O-O 5. f4 d6 6. Ngf3 Nc6 7. c3 e5 8. fxe5 dxe5 9. Bc2 exd4 10. cxd4 Qe7
11. Nb3 Ng4 12. O-O Nxe3 13. Bxe3 Qxe3+ 14. Kh1 Nb4 15. Rc1 Nxa2 16. Ra1 Nb4 17. Re1 Qh6 18. Be4 c6 19. Nc5 Qf4 20. Qb3 a5
21. g3 Qc7 22. Nd3 Be6 23. Qa4 Nxd3 24. Bxd3 Qb6 25. b4 Qxb4 26. Qxb4 axb4 27. Ne5 Rxa1 28. Rxa1 Bxe5 29. dxe5 c5 30. Ra7 b3
31. Rxb7 Bd5+
0-1

[Event "Muppets"]
[Site "SchemingMind.com"]
[Date "2022.09.22"]
[Round "-"]
[White "Jon Mahony"]
[Black "Phillip Beckett"]
[Result "1-0"]
[WhiteCountry "ENG"]
[BlackCountry "ENG"]
[WhiteElo "1889"]
[WhiteRD "149"]
[BlackElo "1518"]
[BlackRD "55"]
[GameID "726899"]

1. e4 e5 2. Bc4 Nf6 3. Nc3 Nc6 4. Nf3 Nxe4 5. Nxe4 d5 6. Bd3 dxe4 7. Bxe4 Bd6 8. c3 O-O 9. O-O Bd7 10. Re1 Qe7
11. d4 Qf6 12. Bg5 Qe6 13. d5 Qg4 14. dxc6 Bxc6 15. Bxc6 bxc6 16. h3 Qd7 17. Nxe5 Qf5 18. Nf3 h6 19. Be3 Rab8 20. Qb1 Qxb1
21. Raxb1 Rfe8 22. Nd4 c5 23. Nf5 Be5 24. Bxc5 Bf6 25. Ba3 Kh7 26. Nd4 Bxd4 27. cxd4 g6 28. Re3 Rxe3 29. fxe3 Re8 30. Kf2 f5
31. Rc1 Rc8 32. Kf3 g5 33. g4 fxg4+ 34. Kxg4 Re8 35. Rxc7+ Kg8 36. Re7 Rxe7 37. Bxe7 Kf7 38. Bxg5 hxg5 39. Kxg5
1-0

[Event "Muppets"]
[Site "SchemingMind.com"]
[Date "2022.09.22"]
[Round "-"]
[White "ray winteringham"]
[Black "Jon Mahony"]
[Result "0-1"]
[WhiteCountry "ENG"]
[BlackCountry "ENG"]
[WhiteElo "1423"]
[WhiteRD "51"]
[BlackElo "1889"]
[BlackRD "149"]
[GameID "726900"]

1. g3 d5 2. d4 Nf6 3. Bg2 c6 4. Nf3 Bf5 5. O-O h6 6. Nc3 e6 7. a3 Be7 8. Bd2 Nbd7 9. b4 O-O 10. e3 a5
11. Ne2 Ne4 12. bxa5 Nxd2 13. Qxd2 Qxa5 14. Qc1 Qa4 15. Ne1 Bxa3 16. Qb1 b5 17. c3 Bxb1 18. Rxb1 Qc4 19. Nf3 Qxe2 20. Rfe1 Qc4
21. Ne5 Nxe5 22. dxe5 Qxc3 23. h4 Qxe5 24. f4 Qc7
0-1

[Event "Muppets"]
[Site "SchemingMind.com"]
[Date "2022.09.22"]
[Round "-"]
[White "Jon Mahony"]
[Black "ray winteringham"]
[Result "1-0"]
[WhiteCountry "ENG"]
[BlackCountry "ENG"]
[WhiteElo "1889"]
[WhiteRD "149"]
[BlackElo "1423"]
[BlackRD "51"]
[GameID "726901"]

1. d4 d5 2. c4 e6 3. Nf3 Nf6 4. g3 dxc4 5. Bg2 a6 6. O-O c6 7. Ne5 b5 8. Nxc6 Nxc6 9. Bxc6+ Bd7 10. Bxa8 Qxa8
11. f3 Be7 12. e4 Bc6 13. b3 O-O 14. bxc4 bxc4 15. Qc2 Bb5 16. a4 Bd7 17. Ba3 Bxa3 18. Nxa3 Qa7 19. Rfd1 Rc8 20. Nxc4 Qc7
21. Rdc1 Qa7 22. Qd1 Bc6 23. Ne5 Qa8 24. Nxc6 Rxc6 25. Rxc6 Qxc6 26. Rc1 Qd7 27. d5 h6 28. dxe6 Qxe6 29. Qc2 Nd7 30. Qc6 Qe7
31. Qxa6 Kh7 32. a5 Ne5 33. Rf1 Qc5+ 34. Kh1 Qe3 35. Qb5 Nxf3 36. Qf5+
1-0

[Event "Muppets"]
[Site "SchemingMind.com"]
[Date "2022.09.22"]
[Round "-"]
[White "Robert Bruce"]
[Black "Jon Mahony"]
[Result "1-0"]
[WhiteCountry "SCO"]
[BlackCountry "ENG"]
[WhiteElo "2329"]
[WhiteRD "73"]
[BlackElo "1896"]
[BlackRD "137"]
[GameID "726902"]

1. e4 e5 2. f4 Bc5 3. Nf3 d6 4. Nc3 Nf6 5. Bc4 Nc6 6. d3 Ng4 7. Na4 Nf2 8. Qe2 Nxh1 9. Nxc5 dxc5 10. Be3 exf4
11. Bxc5 g5 12. O-O-O g4 13. Nd2 Qg5 14. Bd5 Be6 15. Bxc6+ bxc6 16. d4 f3 17. gxf3 gxf3 18. Qa6 Rd8 19. Rxh1 f2 20. Rf1 Qe3
21. b3 Qe1+ 22. Kb2 Qxd2 23. Qxc6+ Bd7 24. Qf6
1-0

[Event "Muppets"]
[Site "SchemingMind.com"]
[Date "2022.09.22"]
[Round "-"]
[White "Jon Mahony"]
[Black "Robert Bruce"]
[Result "0-1"]
[WhiteCountry "ENG"]
[BlackCountry "SCO"]
[WhiteElo "1933"]
[WhiteRD "122"]
[BlackElo "2350"]
[BlackRD "75"]
[GameID "726903"]

1. d4 f5 2. c4 Nf6 3. Nc3 d6 4. Bg5 Nbd7 5. Qc2 g6 6. O-O-O c6 7. e3 Bg7 8. Bd3 e5 9. f3 O-O 10. Nge2 h6
11. Bh4 a6 12. e4 f4 13. c5 exd4 14. Nxd4 Nxc5 15. Bc4+ Kh7 16. b4 Qe8 17. bxc5 dxc5 18. Nb3 b5 19. Be2 Qe5 20. Bf2 Bd7
21. Bxc5 Rfd8 22. Bd6 Qe8 23. Bxf4 c5 24. Nxc5 Rac8 25. Be3 b4 26. Nb1 Bf8 27. Bc4 Bxc5
0-1

[Event "Muppets"]
[Site "SchemingMind.com"]
[Date "2022.09.22"]
[Round "-"]
[White "William Lindberg"]
[Black "Jon Mahony"]
[Result "1-0"]
[WhiteCountry "USA"]
[BlackCountry "ENG"]
[WhiteElo "2459"]
[WhiteRD "71"]
[BlackElo "1896"]
[BlackRD "137"]
[GameID "726904"]

1. c4 c5 2. Nf3 Nc6 3. e3 e5 4. Nc3 Nf6 5. d4 cxd4 6. exd4 e4 7. Ne5 Bb4 8. Be2 Qa5 9. Nxc6 dxc6 10. O-O O-O
11. Bd2 Re8 12. a3 Bxc3 13. bxc3 Be6 14. Re1 Rad8 15. h3 b6 16. Qb3 Qf5 17. Qa4 Qg6 18. Kh1 Bd7 19. Qxa7 b5 20. Qc5 e3
21. Bxe3 Ne4 22. Qb4 bxc4 23. Bf3 Rc8 24. a4
1-0

[Event "Muppets"]
[Site "SchemingMind.com"]
[Date "2022.09.22"]
[Round "-"]
[White "Jon Mahony"]
[Black "William Lindberg"]
[Result "0-1"]
[WhiteCountry "ENG"]
[BlackCountry "USA"]
[WhiteElo "1896"]
[WhiteRD "137"]
[BlackElo "2459"]
[BlackRD "71"]
[GameID "726905"]

1. d4 Nf6 2. c4 e6 3. g3 d5 4. Nf3 Be7 5. Bg2 O-O 6. O-O dxc4 7. Qc2 b5 8. a4 b4 9. Nfd2 Nd5 10. Nxc4 c5
11. dxc5 Bxc5 12. e4 Nf6 13. Bg5 Qc7 14. Bf4 Qe7 15. e5 Nd5 16. Nbd2 Ba6 17. Rad1 Nd7 18. Ne4 Rac8 19. b3 Nxf4 20. gxf4 Nb6
21. Rd3 Nxc4 22. bxc4 Bxc4
0-1